Statystyki dla Przywódcy państw w I Wojnie Światowej

Kliknij tutaj aby rozwiązać quiz!

Ogólne statystyki

  • Ten quiz został rozwiązany 174 razy
  • Średni wynik to 6 z 15

Statystyki odpowiedzi

HintOdpowiedź% Poprawnych
Rosja BolszewickaWłodzimierz Lenin
93%
Imperium RosyjskieMikołaj II Romanow
84%
Cesarstwo NiemieckieWilhelm II Hohenzollern
74%
Austro-Węgry <1916Franciszek Józef I Habsburg
68%
Stany ZjednoczoneThomas Woodrow Wilson
59%
Zjednoczone Królestwo (król)Jerzy V Windsor
50%
Austro-Węgry >1916Karol I Habsburg
46%
Królestwo Włoch (król)Wiktor Emanuel III
31%
Republika RosyjskaAleksander Fiodorowicz Kiereński
26%
Carstwo BułgariiFerdynand I Koburg
18%
Królestwo Rumunii <1914Karol I Hohenzollern-Sigmaringen
16%
Rosyjski Rząd TymczasowyGieorgij Lwow
11%
Królestwo SerbiiPiotr I Karadziordziewić
11%
Królestwo Rumunii >1914Ferdynand I Hohenzollern-Sigmaringen
9%
Republika Francuska (prezydent)Raymond Poincaré
9%

Rozkład punktacji

Percentyl według liczby udzielonych odpowiedzi

Procent ludzi z każdym wynikiem

Twoja historia wyników

Nie rozwiązałeś tego quizu